A glimpse of life in London and of times past /

Saved in:
Bibliographic Details
Main Author: Nurzan Mohd. Wahie (Author)
Format: Book
Language:English
Published: Kuala Lumpur Arkib Negara Malaysia 2007.
Subjects:
Tags: Add Tag
No Tags, Be the first to tag this record!
LEADER 01254nam a2200337 a 4500
001 vtls000035851
005 20210709190754.0
003 MY-ArUMP
008 120308s2007 my a g b 001 0 eng d
024 |c RM85.00 
020 |a 9789679121148 (hc) 
035 |a (OCoLC)ocn301689028 
039 9 |a 201203081314  |b SMT  |c 201111291251  |d VLOAD  |c 200810290941  |d AYAR  |c 200809081228  |d ABO  |y BK-REF00806051550  |z FS  |e SNSA 
040 |a MYPMP  |b eng  |e rda  |c MYPMP 
090 0 0 |a DS596  |b N974 2007 
100 0 |a Nurzan Mohd. Wahie,  |e author 
245 1 2 |a A glimpse of life in London and of times past /  |c Nurzan Mohd. Wahie. 
264 1 |a Kuala Lumpur  |b Arkib Negara Malaysia  |c 2007. 
300 |a xiv, 179 pages :  |b color illustrations ;  |c 26 cm. 
336 |a text  |b txt  |2 rdacontent 
337 |a unmediated  |b n  |2 rdamedia 
338 |a volume  |b nc  |2 rdacarrier 
541 |a MBO BOOK CENTRE  |d 06-06-08 
591 |a PER.2/O/O8/144(c) 
594 |a 04-07-08 
650 0 |a Independence Day (Malaysia)  |x History. 
651 0 |a Malaysia  |x History 
942 |2 lcc  |c BK-OS 
949 |a VIRTUAITEM  |d 30000  |f 1  |x 1  |6 030074 
999 |c 16805  |d 16805 
952 |0 0  |1 0  |2 lcc  |4 0  |6 DS0596 N974 02007  |7 0  |9 20968  |a PTSFP  |b PTSFP  |c 1  |d 2021-07-09  |o DS596 N974 2007  |p 030074  |r 2021-07-09  |t 1  |w 2021-07-09  |y BK-OS